000
00277nam a22001097a 4500
008
170118b xxu||||| |||| 00| 0 eng d
020
_a
9780803622197
041
_a
eng
080
_2
4TH
_a
618.2
245
_a
UNDERSTANDING MEDICAL SURGICAL NURSING
_c
WILLIAMS, L.S
942
_2
udc
_c
BK
999
_c
3114
_d
3114